Największe miasta w województwie wielkopolskim bez powiatu - Statystyki

Ogólne statystyki
  • Ten quiz został rozwiązany 10 razy
  • Średni wynik to 6 z 10
Statystyki odpowiedzi
liczba ludności miasto % Poprawnych
32 848 Luboń
100%
28 392 Swarzędz
100%
10 562 Wronki
80%
13 698 Mosina
70%
8188 Pniewy
70%
9778 Puszczykowo
60%
10 287 Murowana Goślina
50%
11 206 Rogoźno
40%
9319 Opalenica
30%
9850 Pobiedziska
30%
Nie znaleziono quizów pasujących do podanych kryteriów
Rozkład punktacji
Procent ludzi z każdym wynikiem
Percentyl według liczby udzielonych odpowiedzi
Twoja historia wyników
Nie rozwiązałeś tego quizu